Superhero Movie by Year - 2024 - Statistics

General Stats
  • This quiz has been taken 6 times
  • The average score is 3 of 9
Answer Stats
Movie % Correct
Deadpool and Wolverine
100%
Kraven the Hunter
60%
Madame Web
40%
Venom: The Last Dance
40%
Argylle
20%
Hellboy: The Crooked Man
20%
Joker: Folie a Deux
20%
The Crow
20%
Ultraman: Rising
20%
No matching quizzes found
Score Distribution
Percent of People with Each Score
Percentile by Number Answered
Your Score History
You have not taken this quiz